Normal view
MARC view
- Bedendo R., Messina B., Strano G., Ruggeri A., Bellelli L., Vecchio O. G
Entry Personal Name
001 - CONTROL NUMBER
- control field: 59548
003 - CONTROL NUMBER IDENTIFIER
- control field:
005 - DATE AND TIME OF LATEST TRANSACTION
- control field: 20230303135941.0
008 - FIXED-LENGTH DATA ELEMENTS
- fixed length control field: 230303|| aca||aabn | a|a d
040 ## - CATALOGING SOURCE
- Original cataloging agency:
- Transcribing agency:
100 ## - HEADING--PERSONAL NAME
- Personal name: Bedendo R., Messina B., Strano G., Ruggeri A., Bellelli L., Vecchio O. G
670 ## - SOURCE DATA FOUND
- Source citation: Work cat.: ()242183: Gioeni Anna Rosaria (et al.) 59547, Le donne declinate al femminile, 2012